Diritti dei gay : istruzioni per l'uso : una guida pratica per lesbiche e gay /
I tiakina i:
| Kaituhi matua: | |
|---|---|
| Hōputu: | Pukapuka |
| Reo: | Itāriana |
| I whakaputaina: |
Roma :
Enola,
2000
|
| Rangatū: | Enola ;
1 |
| Ngā marau: | |
| Ngā Tūtohu: |
Kāore He Tūtohu, Me noho koe te mea tuatahi ki te tūtohu i tēnei pūkete!
|
MARC
| LEADER | 00000nam a22000007i 4500 | ||
|---|---|---|---|
| 001 | IT\ICCU\FER\0180369 | ||
| 003 | ItRI | ||
| 005 | 20260202120912.0 | ||
| 008 | 000915s2000 it |||||| ||||| |||||c | ||
| 020 | |z 8882100000 | ||
| 020 | |a 888210222X | ||
| 040 | |b ita |c GP | ||
| 041 | 7 | |a ita |2 ISO-639-2 | |
| 100 | 1 | |a Menzione, Ezio |0 IT\ICCU\RAVV\097384 |4 aut | |
| 245 | 1 | 0 | |a Diritti dei gay : |b istruzioni per l'uso : una guida pratica per lesbiche e gay / |c Ezio Menzione ; presentazione di Stefano Rodotà. |
| 246 | 1 | 3 | |a Diritti omosessuali. |
| 260 | |a Roma : |b Enola, |c 2000 | ||
| 300 | |a 125 p. ; |c 21 cm. | ||
| 500 | |a Tit. della cop. | ||
| 500 | |a Titolo di copertina: Diritti omosessuali. - In retrocoperta: ISBN 88-8210-222-X | ||
| 650 | 7 | |a Omosessuali |x Diritti |x Italia | |
| 830 | 0 | |a Enola ; |v 1 |0 IT\ICCU\TSA\0058111 | |
| 942 | |2 ddc |c BK | ||
| 952 | |0 0 |1 0 |2 ddc |4 0 |6 323_326000000000000_MEN |7 1 |9 2180 |a RM |b RM |d 2024-11-06 |l 0 |o 323.326 MEN |p 607 |r 2024-11-06 19:54:10 |w 2024-11-06 |y BK | ||
| 952 | |0 0 |1 0 |2 ddc |4 0 |6 323_326000000000000_MEN_DIR |7 1 |9 2323 |a RN |b RN |d 2024-12-24 |l 0 |o 323.326 MEN DIR |p 9776 |r 2024-12-24 10:43:14 |w 2024-12-24 |y BK | ||
| 952 | |0 0 |1 0 |2 ddc |4 0 |6 B_SDL03MENEZDIR13 |7 0 |9 4520 |a MI |b MI |d 2009-08-31 |i 5508 |l 0 |o B-SDL03-MENEZ-DIR13 |p CDOM5508 |r 2025-07-04 21:34:28 |w 2025-07-04 |x ACQUISTO |y BK | ||
| 952 | |0 0 |1 0 |2 ddc |4 0 |6 B_SDL03MENEZDIR12 |7 0 |9 4521 |a MI |b MI |d 2005-04-22 |i 4684 |l 0 |o B-SDL03-MENEZ-DIR12 |p CDOM4684 |r 2025-07-04 21:34:28 |w 2025-07-04 |x ACQUISTO |y BK | ||
| 952 | |0 0 |1 0 |2 ddc |4 0 |6 B_SDL03MENEZDIR11 |7 0 |9 4522 |a MI |b MI |d 2005-04-22 |i 4879 |l 0 |o B-SDL03-MENEZ-DIR11 |p CDOM4879 |r 2025-07-04 21:34:28 |w 2025-07-04 |x DONO |y BK | ||
| 952 | |0 1 |1 0 |2 ddc |4 0 |7 0 |9 4523 |a MI |b MI |d 2005-04-22 |i 4530 |l 0 |p CDOM4530 |r 2025-07-04 21:34:28 |w 2025-07-04 |x Scarto |y BK | ||
| 952 | |0 0 |1 0 |4 0 |6 DOC_340_200000000000000_MEN |7 0 |9 17529 |a BO |b BO |d 2026-01-15 |i 5534 |l 0 |o DOC 340.2 MEN |p BO5534 |r 2026-01-15 23:19:40 |w 2026-01-15 |x [Sebina 5] [1 v.] |y BK |z 1 v. | ||
| 952 | |0 0 |1 0 |4 0 |6 DOC_342_085000000000000_MEN |7 0 |9 17530 |a BO |b BO |d 2026-01-15 |i 11051 |l 0 |o DOC 342.085 MEN |p BO11051 |r 2026-01-15 23:19:40 |w 2026-01-15 |x [Sebina 5] [1 v.] |y BK |z 1 v. | ||
| 999 | |c 1920 |d 1920 | ||